000 00465pab a2200169 454500
008 180718b2012 xxu||||| |||| 00| 0 eng d
100 _aChou, Jui-Sheng
245 _aProject management knowledge and effects on construction project-outcomes: An empirical study
260 _c2012
300 _ap.47-67.
362 _aOct
650 _aProject management
700 _aYang, Jung-Ghun
773 _aProject Management Journal
908 _aN
909 _a97795
999 _c97794
_d97794